|
|
|
|
| LEADER |
00000cam a2200000 7i4500 |
| 001 |
0000000130 |
| 005 |
20151222.0 |
| 008 |
070629 |
| 020 |
|
|
|a 9835700974
|
| 090 |
0 |
0 |
|a JF
|b MAL (226)
|
| 100 |
0 |
|
|a Sheba Siddique
|
| 245 |
1 |
0 |
|a Berpindah rumah
|c Sheba Siddique
|
| 260 |
|
|
|a Kuala Lumpur :
|b Gema Insan ,
|c 2005
|
| 440 |
|
|
|a Siri cerita motivasi
|
| 500 |
|
|
|a Children ages 7-9 years old (orange)
|
| 650 |
|
0 |
|a Malay fiction
|
| 999 |
|
|
|a 0000954407
|b Book
|c Children Collection
|e Cawangan Tangkak
|
| 999 |
|
|
|a 0000954408
|b Book
|c Children Collection
|e Cawangan Bukit Gambir
|
| 999 |
|
|
|a 0000954519
|b Book
|c Children Collection
|e Perbadanan Perpustakaan Awam Johor
|
| 999 |
|
|
|a 0000954520
|b Book
|c Children Collection
|e Perbadanan Perpustakaan Awam Johor
|
| 999 |
|
|
|a 0000954521
|b Book
|c Children Collection
|e Cawangan Tangkak
|
| 999 |
|
|
|a 0000954522
|b Book
|c Children Collection
|e Perbadanan Perpustakaan Awam Johor
|
| 999 |
|
|
|a 0000970662
|b Book
|c Children Collection
|e Cawangan Taman Universiti
|
| 999 |
|
|
|a 0000970664
|b Book
|c Children Collection
|e Cawangan Muar
|
| 999 |
|
|
|a 0001167487
|b Book
|c Children Collection
|e Cawangan Bukit Gambir
|
| 999 |
|
|
|a 0001167490
|b Book
|c Children Collection
|e Cawangan Taman Universiti
|
| 999 |
|
|
|a 0001167493
|b Book
|c Children Collection
|e Cawangan Mersing
|
| 999 |
|
|
|a 0001167494
|b Book
|c Children Collection
|e Cawangan Bandar Penawar
|
| 999 |
|
|
|a 0001167497
|b Book
|c Children Collection
|e Cawangan Segamat
|
| 999 |
|
|
|a 0001167500
|b Book
|c Children Collection
|e Cawangan Tmn. Ungku Tun Aminah
|